Guess The Fruit - Statistics

General Stats
  • This quiz has been taken 37 times
    5 since last reset
  • The average score is 18 of 20
Answer Stats
Picture Answer % Correct
Apple
100%
Dragon Fruit
100%
Grape Fruit
100%
Kiwi
100%
Lemon
100%
Lime
100%
Orange
100%
Papaya
100%
Passion Fruit
100%
Pear
100%
Plum
100%
Rambutan
100%
Star Fruit
100%
Tomato
100%
Fig
75%
Guava
75%
Persimmon
75%
Pomegranate
75%
Prickly Pear
75%
Olives
50%
No matching quizzes found
Score Distribution
Percent of People with Each Score
Percentile by Number Answered
Your Score History
You have not taken this quiz since the last reset